Normal view
MARC view
- Ethnicity
Entry Topical Term
001 - CONTROL NUMBER
- control field: 12533
003 - CONTROL NUMBER IDENTIFIER
- control field: NUST
005 - DATE AND TIME OF LATEST TRANSACTION
- control field: 20181031045142.0
008 - FIXED-LENGTH DATA ELEMENTS
- fixed length control field: 181031|| aca||aabn | a|a d
040 ## - CATALOGING SOURCE
- Original cataloging agency: NUST
- Transcribing agency: NUST
150 ## - HEADING--TOPICAL TERM
- Topical term or geographic name entry element: Ethnicity
- General subdivision: Political aspects
- Geographic subdivision: Caucasus.
670 ## - SOURCE DATA FOUND
- Source citation: Work cat.: (NUST)0: Cornell, Svante E. 12529, Autonomy and conflict :, 2002.
